000 00363pab a2200157 454500
008 180718b2009 xxu||||| |||| 00| 0 eng d
100 _aDahiya, Bhim S.
245 _aThe Yashpal Committee report: a review
260 _c2009
300 _ap.27-30.
362 _a12 Sep
650 _aHigher education
773 _aMainstream
908 _aN
909 _a83973
999 _c83973
_d83973